00434nam a2200157Ia 4500003000400000008004100004040001600045082001600061100002800077245006600105700002000171260004600191300001000237650001600247650001300263GCL140319s9999 xx 000 0 eng d aGCL / cGCL04a515.63bA V1 aHAZRA, MD. ABDUL KHALEQ10aVECTOR ANALYSIS WITH APPLICATIONS / cHAZRA, MD. ABDUL KHALEQ1 aASHRAF, MD. ALI a[S.N] : bWILEY EASTERN LIMITED ، c1992 a308 P04aMATHEMATICS04aGEOMETRY